000 00460nam a22000977a 4500
008 160606b xxu||||| |||| 00| 0 eng d
100 _aBorek, Richard
245 _aBorek Briefmarken-Katalog Europa. Tschechoslowakei, Slowakei 1977/78
260 _aBraunschweig [Germany]
_bVerlag Richard Borek
_c1977
650 _aCzechoslovakia (1918-1992) | Croatia (1941-1945) | Slovak Republic (1939-1945) | Catalogs and Price Lists | First Days | Numismatics | Dealer Publications
999 _c2049
_d2049